000 00613nam a2200205Ia 4500
008 191130s1992##################000#0#eng##
020 _a9780521435260
040 _aACL
_cACL
082 _a339 KRU
100 _aKrugman, Paul
245 _aExchange rate targets and currency bands
_cPaul Krugman, Marcus Miller
260 _aCambridge
_bCambridge University Press
_c1992
300 _axxii, 247p. : ill
500 _aIncludes bibliographical references and index
650 _aEconomics
700 _aMiller, Marcus
990 _a5180225fac10000c241195a7bdd70d36
991 _a167728
999 _c179417
_d179417